[Event "AUTO-MASTER-2881"]
[Site "http://www.queenalice.com/game.php?id=1585918"]
[Date "2019.10.7"]
[Round "1"]
[White "Squarepants"]
[Black "Scharlatan"]
[Result "0-1"]
[WhiteElo "2134"]
[BlackElo "2085"]

1. d4 Nf6 2. c4 g6 3. Nc3 Bg7 4. e4 d6 5. Bg5 O-O 6. Bd3 c5 7. dxc5 dxc5 8. Nf3
Nc6 9. O-O Be6 10. Nd5 Bxd5 11. exd5 Nb4 12. a3 Nxd3 13. Qxd3 Nh5 14. Rab1 Qd6
15. Qd2 Rad8 16. Bh6 e6 17. Bxg7 Nxg7 18. Rfd1 exd5 19. Qa5 d4 20. Qxa7 b6 21.
Qa4 Rfe8 22. b4 d3 23. Qb3 Re2 24. Rd2 Rxd2 25. Nxd2 Ne6 26. Rd1 Nf4 0-1

[Event "AUTO-MASTER-2881"]
[Site "http://www.queenalice.com/game.php?id=1585923"]
[Date "2019.10.7"]
[Round "1"]
[White "pomar"]
[Black "Squarepants"]
[Result "0-1"]
[WhiteElo "2013"]
[BlackElo "2162"]

1. f3 e5 2. Kf2 d5 3. e3 Bc5 4. c4 d4 5. Qb3 Nc6 6. Bd3 f5 7. a3 Nf6 8. Qc2 O-O
9. b4 dxe3+ 10. dxe3 e4 11. Be2 exf3 12. Nxf3 Ng4+ 13. Ke1 Bxe3 14. h3 Nf2 15.
Rf1 Bxc1 16. Kxf2 Bh6 17. Nc3 Nd4 18. Qd3 Nxe2 19. Qxe2 Re8 20. Qd1 Be3+ 21. Kg3
Be6 22. Qe2 Qd6+ 23. Kh4 Qf4+ 24. g4 g5+ 25. Nxg5 Qxg5+ 26. Kg3 fxg4 27. h4 Qe5+
28. Kg2 Qxc3 29. Rae1 Bxc4 30. Qxg4+ Qg7 0-1

[Event "AUTO-MASTER-2881"]
[Site "http://www.queenalice.com/game.php?id=1585924"]
[Date "2019.10.7"]
[Round "1"]
[White "Squarepants"]
[Black "pomar"]
[Result "0-1"]
[WhiteElo "2158"]
[BlackElo "2035"]

1. Nf3 e6 2. c4 c5 3. Nc3 a6 4. g3 Nc6 5. Bg2 d5 6. cxd5 exd5 7. d4 c4 8. O-O
Bb4 9. Qa4 Bxc3 10. bxc3 b5 11. Qc2 Nge7 12. a4 b4 13. cxb4 Nxb4 14. Qc3 a5 15.
Ba3 Nec6 16. Ne5 Nxe5 17. dxe5 Rb8 18. Rfd1 Be6 19. Rd2 Qb6 20. Rb1 Qc6 21. Bxb4
Qxa4 22. Rdb2 Rxb4 23. Rxb4 axb4 24. Qxb4 Qxb4 25. Rxb4 Kd7 26. Rb1 Kc6 27. e3
Ra8 28. h3 Kc5 29. g4 c3 30. Kf1 Ra2 31. Ke1 Kc4 32. Bf1+ Kc5 33. Rb5+ Kc6 34.
Rb1 d4 35. exd4 Kd5 36. Rd1 c2 37. Rc1 Kxd4 38. Kd2 Bb3 39. Bd3 Kxe5 0-1

[Event "Challenge"]
[Site "http://www.queenalice.com/game.php?id=1594149"]
[Date "2019.12.25"]
[Round "-"]
[White "waldi"]
[Black "Squarepants"]
[Result "1-0"]
[WhiteElo "2098"]
[BlackElo "2121"]

1. d4 Nf6 2. c4 g6 3. Nc3 Bg7 4. e4 O-O 5. f4 b6 6. Bd3 c5 7. dxc5 bxc5 8. e5
Bb7 9. Nf3 Ne8 10. O-O d6 11. Be3 Qc7 12. exd6 exd6 13. Qc2 Nf6 14. f5 Nbd7 15.
Rad1 a6 16. fxg6 hxg6 17. Nh4 d5 18. cxd5 Ng4 19. Bf4 Be5 20. Bxg6 Bxf4 21. d6
Bxh2+ 22. Kh1 Bxd6 23. Nf5 fxg6 24. Ne7+ Kg7 25. Qxg6+ Kh8 26. Qh5+ Kg7 27.
Qxg4+ Kh8 28. Qh5+ 1-0

[Event "Challenge"]
[Site "http://www.queenalice.com/game.php?id=1595638"]
[Date "2020.1.8"]
[Round "-"]
[White "jpribeiro"]
[Black "Squarepants"]
[Result "1/2-1/2"]
[WhiteElo "2112"]
[BlackElo "2108"]

1. e4 c5 2. Nf3 d6 3. Bb5+ Bd7 4. Bxd7+ Nxd7 5. d4 cxd4 6. Nxd4 e5 7. Nb3 Ngf6
8. Nc3 Be7 9. Be3 O-O 10. Qe2 a6 11. O-O-O Qc7 12. Nd5 1/2-1/2

[Event "AUTO-MASTER-2868"]
[Site "http://www.queenalice.com/game.php?id=1613890"]
[Date "2020.5.26"]
[Round "2"]
[White "Squarepants"]
[Black "Scharlatan"]
[Result "0-1"]
[WhiteElo "2118"]
[BlackElo "2168"]

1. d4 d5 2. Nf3 Nf6 3. c4 c6 4. Nc3 e6 5. Bg5 h6 6. Bh4 dxc4 7. e4 g5 8. Bg3 b5
9. Be5 Nbd7 10. Bg3 Nh5 11. Be5 f6 12. Bg3 Bb7 13. a3 Nxg3 14. fxg3 Qc7 0-1

[Event "AUTO-MASTER-2868"]
[Site "http://www.queenalice.com/game.php?id=1613891"]
[Date "2020.5.26"]
[Round "2"]
[White "Scharlatan"]
[Black "Squarepants"]
[Result "1-0"]
[WhiteElo "2157"]
[BlackElo "2129"]

1. e4 c6 2. d4 d5 3. e5 Bf5 4. h4 h5 5. Bd3 Bxd3 6. Qxd3 e6 7. Bg5 Qa5+ 8. Nd2
Nh6 9. Nf3 Qa6 10. c4 Bb4 11. O-O Nf5 12. a3 Ba5 13. b4 Bc7 14. b5 Qb6 15. bxc6
1-0

[Event "AUTO-MASTER-2868"]
[Site "http://www.queenalice.com/game.php?id=1613892"]
[Date "2020.5.26"]
[Round "2"]
[White "Squarepants"]
[Black "ratorei"]
[Result "1-0"]
[WhiteElo "2108"]
[BlackElo "2115"]

1. d4 Nf6 2. c4 e6 3. Nf3 d5 4. Nc3 Bb4 5. Qb3 Bxc3+ 6. Qxc3 Nc6 7. Bf4 h6 8. e3
Ne4 9. Qc2 g5 10. Bg3 Bd7 11. Be2 f5 12. Ne5 Nxg3 13. Nxc6 Bxc6 14. fxg3 Qe7 15.
Bh5+ Kf8 16. g4 Qf6 17. O-O f4 18. c5 Ke7 19. Qd2 Raf8 20. a4 e5 21. dxe5 Qe6
22. exf4 Rxf4 23. Rxf4 gxf4 24. Qxf4 Rf8 25. Qd4 Be8 26. Bxe8 Rxe8 27. b4 Kd7
28. Re1 Rg8 29. h3 a6 30. Rf1 Re8 31. Rf5 c6 32. Qf4 Re7 33. g5 hxg5 34. Qxg5 d4
35. Rf4 Qxe5 36. Qxe5 Rxe5 37. Rxd4+ Ke7 38. Rf4 Re2 39. Kh2 Ra2 40. a5 1-0

[Event "AUTO-MASTER-2868"]
[Site "http://www.queenalice.com/game.php?id=1613893"]
[Date "2020.5.26"]
[Round "2"]
[White "ratorei"]
[Black "Squarepants"]
[Result "0-1"]
[WhiteElo "2060"]
[BlackElo "2120"]

1. e4 c5 2. Nf3 d6 3. d4 cxd4 4. Nxd4 Nf6 5. Nc3 a6 6. Bg5 e6 7. Bd3 Be7 8. Qe2
Nbd7 9. h4 h6 10. Be3 Nc5 11. O-O-O Nxd3+ 12. Rxd3 O-O 13. g4 e5 14. Nf5 d5 15.
exd5 Bxf5 16. gxf5 Bd6 17. Rg1 Kh7 18. f3 Qd7 19. Ne4 Qe7 20. Qg2 Rg8 21. Rgd1
Rac8 22. Nxd6 Qxd6 23. Kb1 b5 24. Qh2 a5 25. Bg5 Nh5 26. Rd4 Rc4 27. Rxc4 bxc4
28. Bd2 Qxd5 29. Qe2 Qc5 30. Qe4 Nf6 31. Qe1 a4 32. Bc3 Re8 33. a3 Qb5 34. Qe3
Nd5 35. Qd2 Nxc3+ 36. Qxc3 Qc5 37. Rd7 f6 38. f4 Re7 39. Rxe7 Qxe7 40. fxe5 fxe5
41. Qg3 Qd6 42. h5 Qd1+ 43. Ka2 Qxh5 44. Qxe5 Qf7 45. Qe4 c3+ 46. b3 axb3+ 47.
cxb3 Qd7 48. Qc2 Qd2 49. Kb1 h5 50. f6+ Kg8 0-1

[Event "Let's Play Chess!"]
[Site "http://www.queenalice.com/game.php?id=1620709"]
[Date "2020.7.21"]
[Round "-"]
[White "Squarepants"]
[Black "igorjava"]
[Result "1-0"]
[WhiteElo "2130"]
[BlackElo "1872"]

1. e4 c5 2. Nf3 d6 3. d4 cxd4 4. Nxd4 Nf6 5. Nc3 a6 6. Be3 e5 7. Nf3 h6 8. Bc4
b5 9. Bd5 Nxd5 10. Nxd5 Bb7 11. Bb6 Qc8 12. Nc7+ Ke7 13. Nxa8 Bxa8 14. Qd3 Qc6
15. Ba7 Nd7 16. Nd2 Nc5 17. Bxc5 Qxc5 18. O-O g6 19. a4 Bg7 20. axb5 axb5 21.
Ra7+ Qxa7 22. Qxb5 Rb8 23. Qd3 Rxb2 24. Nc4 Rb6 25. Nxb6 Qxb6 26. Rd1 Bf8 27.
Kh1 Qc6 28. f3 Ke6 29. Qb3+ Ke7 30. c4 Bb7 31. Qd3 Ba6 32. Qd5 Qxc4 33. Qxd6+
1-0

[Event "AUTO-MASTER-3004"]
[Site "http://www.queenalice.com/game.php?id=1632473"]
[Date "2020.11.10"]
[Round "1"]
[White "Squarepants"]
[Black "Mistakesrme"]
[Result "1-0"]
[WhiteElo "2149"]
[BlackElo "2184"]

1. e4 e6 2. d4 d5 3. exd5 exd5 4. c4 Bb4+ 5. Nc3 Ne7 6. Nf3 O-O 7. Be2 dxc4 8.
Bxc4 Bg4 9. O-O Nbc6 10. Be3 Nf5 11. h3 Bxf3 12. Qxf3 Nfxd4 13. Qg4 Nc2 14. Bh6
Qf6 15. Bg5 Qd4 16. Qxd4 N2xd4 17. Nd5 Bd6 18. Rad1 h6 19. Bd2 Rfe8 20. Rfe1 Nc2
21. Rxe8+ Rxe8 22. Bc3 N2b4 23. Nxb4 Nxb4 24. Rxd6 cxd6 25. Bxb4 Re4 26. b3 b5
27. f3 Rd4 28. Bc3 Rd1+ 29. Bf1 a6 30. Kf2 Rc1 31. Bb4 Rc2+ 32. Ke3 Rxa2 33.
Bxd6 Ra1 34. Be2 Rb1 35. b4 Rb2 36. h4 Ra2 37. Bc7 Rb2 38. Ba5 Rc2 39. g4 g6 40.
h5 Kg7 41. hxg6 fxg6 42. Bd3 Rc6 43. Be4 Re6 44. Kf4 Re7 45. Bb6 Kh7 46. Bc5 Rc7
47. Ke5 a5 48. Kd6 1-0

[Event "AUTO-MASTER-3004"]
[Site "http://www.queenalice.com/game.php?id=1632474"]
[Date "2020.11.10"]
[Round "1"]
[White "Mistakesrme"]
[Black "Squarepants"]
[Result "1/2-1/2"]
[WhiteElo "2236"]
[BlackElo "2139"]

1. c4 c5 2. g3 Nc6 3. Bg2 b6 4. Nc3 Rb8 5. Nf3 e5 6. O-O Nf6 7. d3 h6 8. Nh4 Be7
9. Nf5 O-O 10. Nb5 d5 11. Nxe7+ Nxe7 12. Nxa7 Bb7 13. Qc2 d4 14. Nb5 Re8 15.
Bxb7 Rxb7 16. a4 Nc6 17. Bd2 Rd7 18. a5 bxa5 19. Qa4 Rb7 20. Bxa5 Nxa5 21. Qxa5
Qd7 22. Kg2 Reb8 23. Qd2 e4 24. dxe4 Nxe4 25. Qd3 Nd6 26. Nxd6 Qxd6 27. Rfb1
Rxb2 28. Rxb2 Qc6+ 29. f3 Rxb2 30. Rb1 Rxb1 31. Qxb1 1/2-1/2

[Event "AUTO-MASTER-3004"]
[Site "http://www.queenalice.com/game.php?id=1632475"]
[Date "2020.11.10"]
[Round "1"]
[White "Squarepants"]
[Black "Wecker"]
[Result "1-0"]
[WhiteElo "2134"]
[BlackElo "1791"]

1. Nf3 d5 2. d4 e6 3. c4 b6 4. cxd5 exd5 5. Nc3 c5 6. dxc5 Bb7 7. cxb6 Bc5 8.
bxa7 Rxa7 9. e3 Nf6 10. Bb5+ Nbd7 11. O-O O-O 12. b3 Qb6 13. Bb2 Rd8 14. Nd4 Ne4
15. Nxe4 dxe4 16. Bc4 Ne5 17. Qh5 Nxc4 18. bxc4 g6 19. Qg5 Re8 20. Nb5 Raa8 21.
Qf6 Qxf6 22. Bxf6 1-0

[Event "AUTO-MASTER-3004"]
[Site "http://www.queenalice.com/game.php?id=1632476"]
[Date "2020.11.10"]
[Round "1"]
[White "Wecker"]
[Black "Squarepants"]
[Result "0-1"]
[WhiteElo "1789"]
[BlackElo "2136"]

1. e4 e5 2. Nf3 Nc6 3. Bc4 Nf6 4. O-O Nxe4 5. Re1 d5 6. d4 dxc4 7. Rxe4 Bf5 8.
Re1 Be7 9. Nxe5 Nxe5 10. Rxe5 Be6 11. c3 O-O 12. Bf4 Bd6 13. Re4 Bd5 14. Bxd6
cxd6 15. Rg4 Qf6 16. Nd2 Rfe8 17. Qc2 Re7 18. f3 Rae8 19. Ne4 Qh6 20. Nxd6 Qxd6
0-1

[Event "AUTO-OPEN-4228"]
[Site "http://www.queenalice.com/game.php?id=1632886"]
[Date "2020.11.14"]
[Round "1"]
[White "abh"]
[Black "Squarepants"]
[Result "1-0"]
[WhiteElo "1979"]
[BlackElo "2170"]

1. d4 d5 2. c4 c6 3. e3 Nf6 4. Nc3 Bg4 5. Be2 Bxe2 6. Qxe2 Nbd7 7. Nf3 e6 8. O-O
Be7 9. a4 O-O 10. Bd2 Re8 11. c5 Ne4 12. Nxe4 dxe4 13. Ne1 f5 14. b4 Qc7 15. g3
Nf6 16. Ng2 Nd5 17. b5 b6 18. Nf4 Nxf4 19. exf4 bxc5 20. dxc5 cxb5 21. Qxb5 Qxc5
22. Rfc1 Qxb5 23. axb5 Bf6 24. Ra6 Bd4 25. Be3 e5 26. Rc7 Reb8 27. fxe5 Bxe5 28.
Rc5 Re8 29. b6 1-0

[Event "AUTO-OPEN-4228"]
[Site "http://www.queenalice.com/game.php?id=1632887"]
[Date "2020.11.14"]
[Round "1"]
[White "Squarepants"]
[Black "abh"]
[Result "1-0"]
[WhiteElo "2144"]
[BlackElo "1973"]

1. e4 c5 2. Nf3 Nc6 3. d4 e6 4. d5 exd5 5. exd5 Nce7 6. c4 d6 7. Nc3 h6 8. Bd3
Bf5 9. Bxf5 Nxf5 10. Qa4+ Qd7 11. Nb5 Kd8 12. O-O b6 13. Re1 Nf6 14. Bd2 Be7 15.
Qc2 a6 16. Nc3 Qb7 17. Qxf5 g6 18. Qd3 Qd7 19. Re2 Nh5 20. Rae1 Bf6 21. Ne4 Bxb2
22. Bxh6 Rxh6 23. Rxb2 Rb8 24. Reb1 f5 25. Neg5 Qc7 26. Ne6+ 1-0

[Event "AUTO-OPEN-4228"]
[Site "http://www.queenalice.com/game.php?id=1632914"]
[Date "2020.11.14"]
[Round "1"]
[White "Squarepants"]
[Black "milo_krokodil4e"]
[Result "1-0"]
[WhiteElo "2142"]
[BlackElo "1582"]

1. e4 e5 2. Nf3 Nc6 3. Bb5 a6 4. Ba4 Nf6 5. O-O b5 6. Bb3 Be7 7. d4 d6 8. dxe5
Nxe5 9. Nxe5 dxe5 10. Qxd8+ Bxd8 11. f3 O-O 12. Bd2 c5 13. c4 Be6 14. cxb5 axb5
15. Bxe6 fxe6 16. Nc3 Ba5 17. Rfd1 Rfd8 18. a3 Kf7 19. Be1 Rab8 20. Rxd8 Bxd8
21. Rd1 Ke7 22. Bf2 1-0

[Event "AUTO-OPEN-4228"]
[Site "http://www.queenalice.com/game.php?id=1632915"]
[Date "2020.11.14"]
[Round "1"]
[White "milo_krokodil4e"]
[Black "Squarepants"]
[Result "0-1"]
[WhiteElo "1580"]
[BlackElo "2143"]

1. e4 e5 2. Nf3 Nc6 3. Bb5 a6 4. Ba4 b5 5. Bb3 Bb7 6. O-O Nf6 7. c3 d6 8. Bc2
Be7 9. d4 exd4 10. cxd4 Nb4 11. Re1 Nxc2 12. Qxc2 O-O 13. Nbd2 Rc8 14. Nf1 Re8
15. Ng3 d5 16. e5 Ne4 17. Be3 a5 0-1

[Event "Challenge"]
[Site "http://www.queenalice.com/game.php?id=1634056"]
[Date "2020.11.24"]
[Round "-"]
[White "Squarepants"]
[Black "fbg"]
[Result "1-0"]
[WhiteElo "2138"]
[BlackElo "1729"]

1. c4 c5 2. Nc3 e5 3. g3 Nf6 4. Bg2 a6 5. e3 Bd6 6. Nge2 O-O 7. O-O Nc6 8. d4
cxd4 9. exd4 exd4 10. Nxd4 Nxd4 11. Qxd4 b6 12. Bxa8 Bc5 13. Qf4 d6 14. Be3 Bh3
15. Bg2 Bxg2 16. Kxg2 Nh5 17. Qg5 Bxe3 18. Qxd8 Rxd8 19. fxe3 Re8 20. Nd5 b5 21.
g4 Nf6 22. Nxf6+ gxf6 23. cxb5 axb5 24. Kf3 d5 25. Rac1 b4 26. Rc5 Ra8 27. Ra1
b3 28. a3 Rd8 29. Rd1 Ra8 30. h4 h6 31. Rcxd5 Rf8 32. R1d3 Kg7 33. Rxb3 Kg6 34.
h5+ Kg7 35. Kf4 Rc8 36. Rc3 Rb8 37. b4 Ra8 38. b5 Ra5 39. Kf5 Ra4 40. b6 Ra8 41.
b7 Re8 42. e4 Rb8 43. Rd7 Kf8 44. Kxf6 Kg8 45. Rxf7 Rd8 46. Rc8 Rxc8 47. bxc8=R#
1-0

[Event "Challenge"]
[Site "http://www.queenalice.com/game.php?id=1645624"]
[Date "2021.3.4"]
[Round "-"]
[White "edemarc"]
[Black "Squarepants"]
[Result "0-1"]
[WhiteElo "1617"]
[BlackElo "2152"]

1. e4 e5 2. d4 exd4 3. Qxd4 Nc6 4. Qd1 Bc5 5. Be2 Qh4 6. g3 Qxe4 7. Nf3 Nf6 8.
Nfd2 Qxh1+ 9. Bf1 O-O 10. Qf3 Re8+ 11. Kd1 Qxf3+ 12. Nxf3 Bxf2 13. Bd2 d6 14.
Be2 Bg4 15. Ng5 Bxe2+ 16. Kc1 Ne4 17. Nc3 Nxc3 18. bxc3 Be3 19. Kb2 Bxd2 20. Nh3
Be3 21. Re1 Bg4 22. Ng1 Bxg1 23. Rxg1 Re2 24. a3 Rae8 25. Rf1 Rxh2 26. Rf4 h5
27. a4 Ree2 28. Kb3 Be6+ 29. c4 Rxc2 30. Ka3 Rc3# 0-1

[Event "Let The Game Begin."]
[Site "http://www.queenalice.com/game.php?id=1647966"]
[Date "2021.3.27"]
[Round "-"]
[White "johnrbrown"]
[Black "Squarepants"]
[Result "1/2-1/2"]
[WhiteElo "2159"]
[BlackElo "2152"]

1. d4 d5 2. e4 e6 3. e5 c5 4. c3 Qb6 5. Nf3 Bd7 6. Be3 Bb5 7. Bxb5+ Qxb5 8. Qe2
Qxe2+ 9. Kxe2 c4 10. a4 Nc6 11. Na3 a6 12. Rhb1 Na5 13. Nd2 Nb3 14. Nxb3 cxb3
15. Rf1 f5 16. exf6 Nxf6 17. f3 Bd6 18. h4 Nh5 19. Kf2 O-O 20. Nb1 Bg3+ 21. Kg1
Bxh4 22. Nd2 Ng3 23. Rfd1 Nf5 24. Bf2 Bg5 25. Nxb3 Ne3 26. Bxe3 1/2-1/2

[Event "Challenge"]
[Site "http://www.queenalice.com/game.php?id=1783022"]
[Date "2022.2.18"]
[Round "-"]
[White "edemarc"]
[Black "Squarepants"]
[Result "0-1"]
[WhiteElo "1621"]
[BlackElo "2153"]

1. e4 e5 2. d3 Nf6 3. Bg5 Be7 4. Nf3 Nc6 5. c3 O-O 6. h4 d5 7. Nfd2 Be6 8. f3
dxe4 9. dxe4 Qd7 10. g4 a6 11. Rh2 b5 12. a3 Rfd8 13. h5 h6 14. Bxf6 Bxf6 15.
Bh3 Bh4+ 16. Kf1 Bc4+ 17. Kg1 Na5 18. b3 Nxb3 19. Ra2 Qd3 20. Bf1 Qe3+ 21. Kh1
Nxd2 22. Nxd2 Bxa2 23. Re2 Qxc3 24. Kg1 Bc4 25. Rh2 Bg5 26. Rf2 Be3 27. Nb1 Rxd1
28. Nxc3 Rxf1+ 29. Kg2 Rxf2+ 30. Kg3 Rc2 31. Nd1 Bd4 32. Kh4 Rd2 33. Ne3 Bxe3
0-1